000 00804cam a2200277 a 4500
008
020 _a9780123694447 (hardback)
040 _aNUST
_cNUST
049 _aMAIN
090 _aQP571
_bNOR
100 1 _aNorman, A. W.
245 1 0 _aHormones /
_cAnthony W. Norman, Helen L. Henry.
250 _aThird Edition
260 _aLondon :
_bAcademic Press,
_cc2015.
300 _axv, 413 pages :
_billustrations (some colour) ;
_c28 cm.
336 _atext
_btxt
_2rdacontent
337 _aunmediated
_bn
_2rdamedia
338 _avolume
_bnc
_2rdacarrier
500 _aIncludes index.
650 0 _aHormones.
700 1 _aHenry, Helen L.
907 _a.b10384376
_b13-01-23
_c27-09-17
003
005 20230123120616.0
942 _cBOOKS
_kQP571
_mNOR
999 _c122285
_d122285